[Event "Hessen-ch Gr-E"]
[Site "Idstein"]
[Date "2009.04.10"]
[Round "1"]
[White "Hartmann, Stephan"]
[Black "Ott, Milan"]
[Result "0-1"]
[WhiteElo "1403"]
[BlackElo "1493"]
[PlyCount "119"]
[EventDate "2009.04.10"]
[EventType "swiss"]
[EventRounds "5"]
[EventCountry "GER"]
[SourceTitle "EXT 2010"]
[Source "ChessBase"]
[SourceDate "2010.11.25"]
[SourceVersion "1"]
[SourceVersionDate "2010.11.25"]
[SourceQuality "1"]

1. e4 d5 2. exd5 Qxd5 3. Nc3 Qa5 4. d3 Nf6 5. Nf3 Bg4 6. Be2 e6 7. 0-0 Nbd7 8. Bd2 c6 9. Ne4 Qc7 10. Nxf6+ Nxf6 11. Nd4 Bxe2 12. Qxe2 0-0-0 13. Nb3 Bd6 14. h3 Be5 15. c3 Nd5 16. d4 Bf4 17. Rae1 g5 18. Nc5 Bxd2 19. Qxd2 Rdg8 20. Re5 h6 21. Nd3 Rg6 22. c4 Nf6 23. b3 Rd8 24. Qe3 Qd7 25. c5 Nd5 26. Qd2 Nc7 27. Qe3 Qxd4 28. Qxd4 Rxd4 29. Re3 Rg8 30. Ne5 Rg7 31. Rf3 f5 32. Nc4 Na6 33. Nd6+ Kb8 34. Re1 Nxc5 35. Ne8 Rf7 36. Rc3 Ne4 37. Rce3 Rd8 38. f3 Rxe8 39. fxe4 f4 40. Rf3 Rd7 41. Re2 Red8 42. Kf2 Rd2 43. a3 R2d3 44. Ra2 e5 45. Ke2 Rxf3 46. gxf3 Kc7 47. Ra1 b6 48. Rg1 c5 49. h4 Rg8 50. hxg5 Rxg5 51. Rh1 h5 52. Kd3 b5 53. Rc1 Kc6 54. b4 c4+ 55. Kc3 Rg3 56. Rh1 Rxf3+ 57. Kb2 Rf2+ 58. Kc3 Re2 59. Rxh5 Rxe4 60. Rh6+ 0-1

[Event "Karl Mala Memorial op 09th"]
[Site "Frankfurt"]
[Date "2005.07.30"]
[Round "5"]
[White "Ott, Milan"]
[Black "Ruell, Michael"]
[Result "0-1"]
[WhiteElo "1393"]
[BlackElo "1708"]
[PlyCount "58"]
[EventDate "2005.07.28"]
[EventType "swiss"]
[EventRounds "7"]
[EventCountry "GER"]
[SourceTitle "EXT 2006"]
[Source "ChessBase"]
[SourceDate "2005.11.24"]
[SourceVersion "1"]
[SourceVersionDate "2005.11.24"]
[SourceQuality "1"]

1. c4 Nf6 2. Nc3 d6 3. g3 Nbd7 4. Bg2 g6 5. d4 Bg7 6. Nf3 0-0 7. 0-0 e5 8. d5 a5 9. e4 Nc5 10. Qc2 Nh5 11. Na4 f5 12. Nxc5 dxc5 13. Nd2 f4 14. Qd1 Nf6 15. Nb3 b6 16. gxf4 exf4 17. Bxf4 Nxd5 18. Bg3 a4 19. Nxc5 bxc5 20. Qxd5+ Qxd5 21. exd5 a3 22. Rab1 Bf5 23. Rbd1 axb2 24. d6 Rxa2 25. dxc7 Ra1 26. Rd8 Rxf1+ 27. Bxf1 b1Q 28. Bd6 Bh3 29. Rxf8+ Bxf8 0-1